|
|
|
|
| LEADER |
00860nab a2200205 i 4500 |
| 001 |
misc10567 |
| 005 |
20191106142625.0 |
| 008 |
170607s1930 hu o 0|| hun d |
| 022 |
|
|
|a 0025-0260
|
| 040 |
|
|
|a SZTE Miscellanea Repozitórium
|b hun
|
| 041 |
|
|
|a hun
|
| 100 |
1 |
|
|a Barankay Lajos
|
| 245 |
1 |
0 |
|a Tettamanti Béla
|h [elektronikus dokumentum] :
|b A közösség gondolata Kármán Mór neveléselméletében : [könyvismertetés] /
|c Barankay Lajos
|
| 260 |
|
|
|c 1930
|
| 300 |
|
|
|a 242-245
|
| 490 |
0 |
|
|a Magyar pedagógia : a Magyar Tudományos Akadémia Pedagógiai Bizottságának folyóirata
|v 39
|
| 695 |
|
|
|a Kármán Mór, Neveléstörténet magyar 1843-1915, Tettamanti Béla, Kármán Mór, Neveléselmélet
|
| 700 |
0 |
1 |
|a Tettamanti Béla
|
| 700 |
0 |
1 |
|a Kármán Mór
|
| 856 |
4 |
0 |
|u http://misc.bibl.u-szeged.hu/10567/1/mp_1930_3211_242-245.pdf
|z Dokumentum-elérés
|